000 00417nam a2200193Ia 4500
008 101110s9999 xx 000 0 und d
041 _aENGLISH
082 _bSR3734
_a993
100 _aFairgrieve J.
245 _aThe Old World
365 _b5
520 _aHistory
546 _aENGLISH
630 _aThe Old World
650 _aHistory
655 _aHistory
730 _aThe Old World
942 _cBOOK
999 _c800185
_d800182